000 00509cam a2200145 4500500
005 20260111093421.0
041 _afre
042 _adc
100 1 0 _aMiossec, Alain
_eauthor
245 0 0 _aF. Lasserre, E. Gonon et E. Mottet, Manuel de géopolitique, A. Colin, 2016, 359 p., 34 €
260 _c2016.
500 _a98
786 0 _nLa Géographie | 1562 | 3 | 2016-07-01 | p. 53i-57i | 1964-9002
856 4 1 _uhttps://shs.cairn.info/revue-la-geographie-2016-3-page-53i?lang=fr&redirect-ssocas=7080
999 _c1626307
_d1626307